<?xml version="1.0" encoding="UTF-8"?>
<record
    xmlns:xsi="http://www.w3.org/2001/XMLSchema-instance"
    xsi:schemaLocation="http://www.loc.gov/MARC21/slim http://www.loc.gov/standards/marcxml/schema/MARC21slim.xsd"
    xmlns="http://www.loc.gov/MARC21/slim">

  <leader>01023nam a2200265Ia 4500</leader>
  <controlfield tag="008">200824s9999||||xx |||||||||||||| ||und||</controlfield>
  <datafield tag="020" ind1=" " ind2=" ">
    <subfield code="a">1939251117</subfield>
  </datafield>
  <datafield tag="020" ind1=" " ind2=" ">
    <subfield code="a">9781939251114 </subfield>
  </datafield>
  <datafield tag="041" ind1=" " ind2=" ">
    <subfield code="a">chi</subfield>
    <subfield code="h">eng</subfield>
  </datafield>
  <datafield tag="050" ind1=" " ind2=" ">
    <subfield code="a">BS2735.53</subfield>
    <subfield code="b">.T6912 2008a</subfield>
  </datafield>
  <datafield tag="100" ind1=" " ind2=" ">
    <subfield code="a">Towner, Philip H.</subfield>
  </datafield>
  <datafield tag="245" ind1=" " ind2="0">
    <subfield code="a">&#x63D0;&#x6469;&#x592A;&#x8207;&#x63D0;&#x591A;&#x66F8;&#x4FE1;&#x8A3B;&#x91CB;:</subfield>
    <subfield code="b">&#xA0;= The letters to Timothy &amp; Titus /</subfield>
    <subfield code="c">&#x5510;&#x66F8;&#x79AE; (Philip H. Towner) &#x8457;; &#x6F58;&#x79CB;&#x677E;, &#x9673;&#x5FD7;&#x4EC1;, &#x674E;&#x5FE0;&#x6649;&#x8BD1;</subfield>
  </datafield>
  <datafield tag="246" ind1=" " ind2=" ">
    <subfield code="a">&#x63D0;&#x6469;&#x592A;&#x4E0E;&#x63D0;&#x591A;&#x4E66;&#x4FE1;&#x6CE8;&#x91CA;</subfield>
    <subfield code="b">&#xA0;= The letters to Timothy &amp; Titus/</subfield>
  </datafield>
  <datafield tag="260" ind1=" " ind2=" ">
    <subfield code="a">Calif. :</subfield>
    <subfield code="b">&#x7F8E;&#x570B;&#x9EA5;&#x7A2E;&#x50B3;&#x9053;&#x6703;, </subfield>
    <subfield code="c">2008</subfield>
  </datafield>
  <datafield tag="300" ind1=" " ind2=" ">
    <subfield code="a">1099 p.</subfield>
    <subfield code="b">;</subfield>
    <subfield code="c">24 cm.</subfield>
  </datafield>
  <datafield tag="500" ind1=" " ind2=" ">
    <subfield code="a">Translation of: The letters to Timothy and Titus / Philip H. Towner ; Grand Rapids, Mich. : William B. Eerdmans Pub. Co., 2006.</subfield>
  </datafield>
  <datafield tag="650" ind1=" " ind2=" ">
    <subfield code="a">Bible. -- Pastoral Epistles -- Commentaries.</subfield>
  </datafield>
  <datafield tag="650" ind1=" " ind2=" ">
    <subfield code="a">Bible. -- Timothy -- Commentaries.</subfield>
  </datafield>
  <datafield tag="650" ind1=" " ind2=" ">
    <subfield code="a">Bible. -- Titus -- Commentaries.</subfield>
  </datafield>
  <datafield tag="700" ind1=" " ind2=" ">
    <subfield code="a">&#x5510;&#x66F8;&#x79AE;</subfield>
  </datafield>
  <datafield tag="700" ind1=" " ind2=" ">
    <subfield code="a">&#x674E;&#x5FE0;&#x6649;</subfield>
  </datafield>
  <datafield tag="700" ind1=" " ind2=" ">
    <subfield code="a">&#x6F58;&#x79CB;&#x677E;</subfield>
  </datafield>
  <datafield tag="700" ind1=" " ind2=" ">
    <subfield code="a">&#x9673;&#x5FD7;&#x4EC1;</subfield>
  </datafield>
  <datafield tag="952" ind1=" " ind2=" ">
    <subfield code="0">0</subfield>
    <subfield code="1">0</subfield>
    <subfield code="4">0</subfield>
    <subfield code="7">0</subfield>
    <subfield code="a">GETS</subfield>
    <subfield code="b">GETS</subfield>
    <subfield code="c">GEN</subfield>
    <subfield code="d">2020-08-24</subfield>
    <subfield code="l">2</subfield>
    <subfield code="m">4</subfield>
    <subfield code="o">BS2735.53 .T6912 2008a</subfield>
    <subfield code="p">00004102</subfield>
    <subfield code="q">2026-04-17</subfield>
    <subfield code="r">2026-03-18 10:55:02</subfield>
    <subfield code="s">2026-03-18</subfield>
    <subfield code="w">2020-08-24</subfield>
    <subfield code="y">CB</subfield>
  </datafield>
  <datafield tag="999" ind1=" " ind2=" ">
    <subfield code="c">15985</subfield>
    <subfield code="d">15985</subfield>
  </datafield>
</record>
